| 000 | 00431 a2200157 4500 | ||
|---|---|---|---|
| 999 |
_c2090 _d2090 |
||
| 020 | _a9781446260159 | ||
| 050 | _aH62 SIL 2013 | ||
| 100 |
_aSilverman, David _eauthor |
||
| 245 | _aDoing qualitative research: | ||
| 250 | _a4th | ||
| 264 |
_aLos Angeles: _bSage _c2013 |
||
| 300 | _a470p.: | ||
| 500 | _aIncludes bibliographical references and index | ||
| 650 |
_aResearch methods _xResearch methods |
||
| 942 |
_2lcc _cBK _h62 _iSIL _kH |
||